[Event "BL 8485 Lasker-Koblenz"]
[Site "?"]
[Date "1984.??.??"]
[Round "?.5"]
[White "Schlick, V."]
[Black "Zbikowski, W."]
[Result "1/2-1/2"]
[WhiteElo "2320"]
[BlackElo "2280"]
[PlyCount "98"]
[EventDate "1984.??.??"]

1. e4 d6 2. d4 Nf6 3. Nc3 g6 4. Nf3 Bg7 5. h3 O-O 6. Be3 b6 7. Qd2 Bb7 8. d5 c6
9. O-O-O b5 10. dxc6 Nxc6 11. Bxb5 Qa5 12. Bc4 Rfc8 13. Bb3 Nb4 14. a3 Na6 15.
Nd5 Qd8 16. Ng5 e6 17. Nf4 Nxe4 18. Nxe4 Bxe4 19. Qxd6 Qf6 20. Bd4 e5 21. Qxf6
Bxf6 22. Rhe1 exd4 23. Rxe4 Nc5 24. Bd5 Nxe4 25. Bxe4 Bg5 26. g3 Rab8 27. Rxd4
Bxf4+ 28. gxf4 Rc7 29. f5 Kg7 30. fxg6 hxg6 31. Bd5 Rh8 32. Rd3 Rh4 33. Kd2 Rf4
34. Ke3 g5 35. c4 Re7+ 36. Kd2 Rxf2+ 37. Kc3 f5 38. c5 Kf6 39. b4 Rh7 40. b5
Ke5 41. Bc6 Rh2 42. Rd5+ Ke6 43. Rd6+ Ke5 44. Rd5+ Kf4 45. Rd4+ Ke5 46. Rd5+
Kf4 47. Rd4+ Ke3 48. Rd3+ Kf4 49. Rd4+ Ke3 1/2-1/2

[Event "BL 8485 Lasker-Koblenz"]
[Site "?"]
[Date "1984.??.??"]
[Round "?.7"]
[White "Brueckner, T."]
[Black "Bilek Gonstalla, M."]
[Result "1/2-1/2"]
[WhiteElo "2265"]
[BlackElo "2335"]
[PlyCount "100"]
[EventDate "1984.??.??"]

1. e4 c6 2. d4 d5 3. Nc3 dxe4 4. Nxe4 Nf6 5. Nxf6+ gxf6 6. c3 Bf5 7. Nf3 Qc7 8.
g3 Nd7 9. Bg2 O-O-O 10. O-O e6 11. Bf4 Bd6 12. Bxd6 Qxd6 13. Nh4 Bg6 14. f4 f5
15. b4 Nf6 16. Re1 Bh5 17. Qd3 Kb8 18. a3 Rd7 19. Ra2 Rhd8 20. Rd2 Qc7 21. Qc2
Qb6 22. a4 Qc7 23. Qb2 Nd5 24. Rf2 Nf6 25. a5 a6 26. Rd2 Nd5 27. Rd3 Qd6 28.
Qd2 Qf8 29. Rb1 Qg7 30. Qf2 Nc7 31. Bf3 Bg4 32. Qg2 Nb5 33. Re1 Nxc3 34. Rxc3
Qxd4+ 35. Rce3 Qxb4 36. Bxg4 fxg4 37. f5 exf5 38. Nxf5 Qxa5 39. Qe4 Rd1 40. Nh6
Qb6 41. Kh1 Rxe1+ 42. Rxe1 Qf2 43. Nxg4 Qd4 44. Qxd4 Rxd4 45. Ne5 f6 46. Nf3
Rd3 47. Kg2 Kc7 48. Re7+ Rd7 49. Re6 Rd6 50. Re7+ Rd7 1/2-1/2

[Event "BL 8485 Kreuzberg-Zähringen"]
[Site "?"]
[Date "1984.??.??"]
[Round "?.2"]
[White "Grzesik, T."]
[Black "Schuh, H."]
[Result "1-0"]
[WhiteElo "2340"]
[BlackElo "2310"]
[PlyCount "59"]
[EventDate "1984.??.??"]

1. e4 c5 2. Nf3 e6 3. b3 a6 4. c4 d6 5. d4 cxd4 6. Nxd4 Nf6 7. Bd3 Qa5+ 8. Bd2
Qe5 9. Nc2 Nxe4 10. f4 Qf5 11. Qe2 d5 12. cxd5 exd5 13. Nc3 Bc5 14. Nxe4 dxe4
15. Bxe4 Qe6 16. O-O-O O-O 17. Rhe1 Nd7 18. Qh5 g6 19. Qf3 Qb6 20. f5 Nf6 21.
fxg6 fxg6 22. Bd5+ Kg7 23. Bc3 h5 24. h3 Kh7 25. g4 Nxg4 26. Re8 Rxe8 27. Qf7+
Kh6 28. Qxe8 Nf6 29. Qh8+ Kg5 30. Bxf6+ 1-0

[Event "BL 8485 Kreuzberg-Zähringen"]
[Site "?"]
[Date "1984.??.??"]
[Round "?.3"]
[White "Vatter, H."]
[Black "Grzesik, F."]
[Result "1-0"]
[WhiteElo "2250"]
[BlackElo "2285"]
[PlyCount "77"]
[EventDate "1984.??.??"]

1. e4 Nf6 2. e5 Nd5 3. d4 d6 4. Nf3 Bg4 5. Be2 c6 6. Ng5 Bxe2 7. Qxe2 dxe5 8.
dxe5 e6 9. O-O Nd7 10. a3 Be7 11. Nf3 Qc7 12. c4 N5b6 13. Nc3 a6 14. b4 c5 15.
b5 O-O 16. a4 a5 17. h4 Rfd8 18. Bb2 Nf8 19. Ne4 Ng6 20. g3 Nd7 21. Ned2 h6 22.
Rfe1 Nb6 23. Nb3 Nd7 24. Bc3 b6 25. Nbd2 Ngf8 26. Ne4 Nh7 27. Ra3 Ndf8 28. Bb2
Rd7 29. Nh2 Rad8 30. Ng4 Qb7 31. Rf3 Rd2 32. Nxd2 Rxd2 33. Qxd2 Qxf3 34. Qd1
Qf5 35. Ne3 Qg6 36. h5 Qg5 37. Kg2 g6 38. f4 Qxh5 39. g4 1-0

[Event "BL 8485 Kreuzberg-Zähringen"]
[Site "?"]
[Date "1984.??.??"]
[Round "?.5"]
[White "Bassler, M."]
[Black "Konieczka, F."]
[Result "0-1"]
[WhiteElo "2290"]
[BlackElo "2240"]
[PlyCount "62"]
[EventDate "1984.??.??"]

1. Nf3 d5 2. b3 Nf6 3. Bb2 e6 4. g3 Be7 5. Bg2 O-O 6. O-O c5 7. d3 Nc6 8. Nbd2
b6 9. e4 a5 10. e5 Nd7 11. a4 f6 12. exf6 Bxf6 13. Bxf6 Qxf6 14. Ne1 Nd4 15. c3
Nf5 16. Rc1 Bb7 17. Nc4 dxc4 18. Bxb7 Ne3 19. Qf3 Nxf1 20. Qxf6 Nxf6 21. Bxa8
cxd3 22. Kxf1 d2 23. Rd1 dxe1=Q+ 24. Rxe1 Rxa8 25. Rxe6 Rb8 26. c4 Kf7 27. Rc6
Rb7 28. f3 Nd7 29. Kg2 Ne5 30. Rd6 Ke7 31. Rd5 Nc6 0-1

[Event "BL 8485 Kreuzberg-Zähringen"]
[Site "?"]
[Date "1984.??.??"]
[Round "?.6"]
[White "Federau, J."]
[Black "Raupp, T."]
[Result "1/2-1/2"]
[WhiteElo "2210"]
[BlackElo "2275"]
[PlyCount "85"]
[EventDate "1984.??.??"]

1. d4 d5 2. c4 e6 3. Nc3 Be7 4. Nf3 Nf6 5. Bg5 h6 6. Bh4 O-O 7. e3 Ne4 8. Bxe7
Qxe7 9. Rc1 c6 10. Bd3 Nxc3 11. Rxc3 dxc4 12. Rxc4 Nd7 13. Bb1 e5 14. Qc2 f5
15. dxe5 Nxe5 16. Nxe5 Qxe5 17. Rc5 Qf6 18. O-O Be6 19. e4 fxe4 20. Qxe4 Bd5
21. Qh7+ Kf7 22. Rc3 Rh8 23. Qc2 Rhe8 24. Re3 Re6 25. Rfe1 Rae8 26. Rxe6 Rxe6
27. Rxe6 Qxe6 28. h3 Qe1+ 29. Kh2 Qe5+ 30. Kh1 Qg5 31. f3 h5 32. a3 h4 33. Qc3
Qf6 34. Qd2 g5 35. Qe2 Qe6 36. Qf2 b6 37. Bd3 Qe5 38. Qd2 Kf6 39. Qb4 c5 40.
Qg4 Be6 41. Qh5 Qe1+ 42. Kh2 Qg3+ 43. Kh1 1/2-1/2

[Event "BL 8485 Koblenz-Kreuzberg"]
[Site "?"]
[Date "1984.??.??"]
[Round "?.1"]
[White "Berg, K."]
[Black "Gutman, L."]
[Result "1/2-1/2"]
[WhiteElo "2375"]
[BlackElo "2485"]
[PlyCount "108"]
[EventDate "1984.??.??"]

1. e4 c5 2. Nc3 d6 3. f4 g6 4. Nf3 Bg7 5. Bc4 Nc6 6. O-O e6 7. f5 gxf5 8. d3
Nge7 9. Qe1 fxe4 10. dxe4 a6 11. Qh4 Ng6 12. Qh5 h6 13. Be3 Nce5 14. Nxe5 Bxe5
15. g3 Bd4 16. Bxd4 cxd4 17. Ne2 Qb6 18. Rxf7 Kxf7 19. Nf4 Rg8 20. Rf1 Ke8 21.
Nxg6 Qc5 22. Ne5+ Kd8 23. Qf7 Rg5 24. Qf8+ Kc7 25. Nf7 d3+ 26. Kg2 dxc2 27. Bd3
Rd5 28. exd5 Qxd5+ 29. Kf2 Qxd3 30. Qd8+ Kb8 31. Qxd6+ Qxd6 32. Nxd6 Kc7 33.
Ne4 Bd7 34. Rc1 Rf8+ 35. Ke3 Bc6 36. Rxc2 Rf1 37. Nc3 Rf3+ 38. Ke2 Rf5 39. Rd2
Rh5 40. Ke3 b5 41. a3 a5 42. b4 axb4 43. axb4 Re5+ 44. Kf2 Rf5+ 45. Ke2 Bg2 46.
Ke3 Rf3+ 47. Kd4 Bf1 48. Ne4 Rb3 49. Rc2+ Bc4 50. Nd2 Rxb4 51. Kc5 Ra4 52. Nxc4
bxc4 53. Rxc4 Ra2 54. Rh4 h5 1/2-1/2

[Event "BL 8485 Koblenz-Kreuzberg"]
[Site "?"]
[Date "1984.??.??"]
[Round "?.2"]
[White "Schulz, KJ."]
[Black "Grzesik, T."]
[Result "1-0"]
[WhiteElo "2355"]
[BlackElo "2340"]
[PlyCount "82"]
[EventDate "1984.??.??"]

1. g3 d5 2. Bg2 c6 3. Nf3 Bg4 4. h3 Bxf3 5. Bxf3 e6 6. d3 Bd6 7. O-O Nd7 8. e4
Ne7 9. Bg2 Qb6 10. a4 a5 11. exd5 cxd5 12. d4 Nf5 13. c3 O-O 14. Na3 Rac8 15.
Nb5 Bb8 16. Qd3 Qc6 17. b3 Nf6 18. Ba3 Rfd8 19. Rfd1 Qa6 20. c4 dxc4 21. bxc4
Bd6 22. Bb2 Bf8 23. d5 Nd6 24. dxe6 fxe6 25. Qe2 Nxb5 26. cxb5 Qb6 27. Rac1
Rxc1 28. Rxc1 Be7 29. Re1 Kf7 30. h4 Bb4 31. Rd1 Rxd1+ 32. Qxd1 Qc7 33. Qe2 Bc5
34. Be5 Qd7 35. Bf3 b6 36. Kg2 Bd4 37. Bf4 Nd5 38. Bg5 h6 39. Bd2 Nc3 40. Qc4
Nb1 41. Bf4 Bf6 {ZÜ?} 1-0

[Event "BL 8485 Koblenz-Kreuzberg"]
[Site "?"]
[Date "1984.??.??"]
[Round "?.3"]
[White "Grzesik, F."]
[Black "Wolf, V."]
[Result "1/2-1/2"]
[WhiteElo "2285"]
[BlackElo "2315"]
[PlyCount "101"]
[EventDate "1984.??.??"]

1. e4 e6 2. d4 d5 3. Nc3 Bb4 4. Nge2 Nc6 5. a3 Ba5 6. e5 Bd7 7. g3 f6 8. exf6
Qxf6 9. Bg2 Nge7 10. Be3 Nf5 11. Qd2 Bb6 12. O-O-O Na5 13. b3 Qf8 14. Kb2 O-O-O
15. f4 Nxe3 16. Qxe3 c5 17. Nb1 Nc6 18. c3 Ne7 19. dxc5 Nf5 20. Qd3 Qxc5 21.
Nd4 g6 22. Rhe1 Rhe8 23. Bh3 a6 24. a4 Kb8 25. Na3 Rc8 26. Nac2 Rc7 27. Bxf5
gxf5 28. Re3 Qd6 29. Qe2 Rec8 30. Nxe6 Bxe3 31. Nxc7 Bc5 32. Nxd5 Re8 33. Qd3
Bc6 34. Nde3 Qh6 35. Nxf5 Qxh2 36. Rd2 Qh3 37. Nfd4 Be4 38. Qe3 Qd7 39. Re2 Re7
40. Qf2 Qd5 41. Qe1 h5 42. Ne3 Qd7 43. Nec2 Bxc2 44. Rxe7 Bxe7 45. Kxc2 Bf6 46.
Qe6 Qg7 47. Nf5 Qg6 48. Qd6+ Ka8 49. Qd3 Qg4 50. Nd6 h4 51. Qd5 1/2-1/2

[Event "BL 8485 Koblenz-Kreuzberg"]
[Site "?"]
[Date "1984.??.??"]
[Round "?.5"]
[White "Konieczka, F."]
[Black "Schlick, V."]
[Result "1-0"]
[WhiteElo "2240"]
[BlackElo "2320"]
[PlyCount "89"]
[EventDate "1984.??.??"]

1. e4 c5 2. Nf3 g6 3. d3 Bg7 4. g3 e6 5. Bg2 Ne7 6. O-O Nbc6 7. Nbd2 d5 8. Re1
O-O 9. c3 b6 10. e5 Ba6 11. Nf1 Qd7 12. Bf4 b5 13. d4 cxd4 14. cxd4 Rfc8 15.
Ne3 b4 16. b3 Bb5 17. Qd2 a5 18. Ng4 Nf5 19. Nf6+ Bxf6 20. exf6 Qd8 21. Be5 Qf8
22. Qf4 Qh6 23. Qxh6 Nxh6 24. h3 Na7 25. g4 Kf8 26. Bd6+ Ke8 27. Bc5 Nc6 28.
Ng5 Kd7 29. Nxh7 Ng8 30. g5 a4 31. h4 Bd3 32. Bf1 Bc2 33. Bb5 axb3 34. axb3
Bxb3 35. Rxa8 Rxa8 36. Nf8+ Kc7 37. Bxc6 Kxc6 38. Bxb4 Bc2 39. Nxe6 Be4 40.
Rc1+ Kb6 41. Nc5 Bf3 42. Nd7+ Kb5 43. Bc5 Bg4 44. Ne5 Be6 45. Rb1+ 1-0

[Event "BL 8485 Koblenz-Kreuzberg"]
[Site "?"]
[Date "1984.??.??"]
[Round "?.6"]
[White "Andruet, G."]
[Black "Sprotte, N."]
[Result "1/2-1/2"]
[WhiteElo "2400"]
[BlackElo "2230"]
[PlyCount "101"]
[EventDate "1984.??.??"]

1. d4 Nf6 2. c4 e6 3. Nf3 Bb4+ 4. Bd2 Qe7 5. g3 Nc6 6. Bg2 Bxd2+ 7. Nbxd2 O-O
8. O-O d6 9. e4 a5 10. e5 dxe5 11. dxe5 Nd7 12. Qe2 Nc5 13. Rfd1 Bd7 14. Nb3
Nxb3 15. axb3 Rfd8 16. Nd4 Qc5 17. Nxc6 Bxc6 18. Rxd8+ Rxd8 19. Bxc6 Qxc6 20.
Rxa5 b6 21. Ra1 Qc5 22. Rd1 Rxd1+ 23. Qxd1 h6 24. Qd8+ Kh7 25. Qd3+ Kg8 26.
Qd8+ Kh7 27. Qd3+ Kg8 28. Qc3 Qc6 29. Qd4 g6 30. b4 Kg7 31. b5 Qe8 32. b4 Qf8
33. c5 Qb8 34. Qd7 Qa7 35. Qd4 Qb8 36. h4 bxc5 37. Qxc5 h5 38. Kf1 Qb7 39. Ke2
Kg8 40. Ke3 Kg7 41. Kf4 Qb8 42. Ke4 Qb7+ 43. Ke3 Qb6 44. Kd4 Qb7 45. Kc4 Qe4+
46. Kc3 Qb7 47. Kd2 Qb6 48. Ke2 Qb7 49. Ke3 Qb8 50. Kf4 Qd8 51. b6 1/2-1/2

[Event "BL 8485 Zähringen-Lasker"]
[Site "?"]
[Date "1984.??.??"]
[Round "?.2"]
[White "Herbrechtsmeier, C."]
[Black "Paulsen, D."]
[Result "1/2-1/2"]
[WhiteElo "2325"]
[BlackElo "2360"]
[PlyCount "59"]
[EventDate "1984.??.??"]

1. e4 Nf6 2. Nc3 d5 3. exd5 Nxd5 4. Bc4 Nb6 5. Bb3 Nc6 6. d3 e6 7. Qf3 Nd4 8.
Qe4 Be7 9. Nf3 Nxb3 10. axb3 Nd5 11. O-O O-O 12. Re1 Bf6 13. Bd2 b6 14. Nd1 Bd7
15. Ne5 c5 16. Ne3 Bxe5 17. Qxe5 Bc6 18. Nc4 Ne7 19. Bg5 Qd7 20. Bxe7 Qxe7 21.
Qd6 Qxd6 22. Nxd6 Rfd8 23. Nc4 Kf8 24. Ra2 Rdb8 25. Rea1 a5 26. f3 Ke7 27. Kf2
f6 28. Re1 Rb7 29. Raa1 Kd7 30. Red1 1/2-1/2

[Event "BL 8485 Zähringen-Lasker"]
[Site "?"]
[Date "1984.??.??"]
[Round "?.3"]
[White "Cladouras, P."]
[Black "Vatter, H."]
[Result "1-0"]
[WhiteElo "2295"]
[BlackElo "2250"]
[PlyCount "119"]
[EventDate "1984.??.??"]

1. e4 c5 2. Nf3 g6 3. d4 cxd4 4. Nxd4 Nf6 5. Nc3 d6 6. Be2 Bg7 7. O-O O-O 8.
Be3 Nc6 9. Qd2 Ng4 10. Bxg4 Bxg4 11. f3 Bd7 12. Rad1 Rc8 13. Kh1 Re8 14. Nxc6
bxc6 15. Bd4 Bxd4 16. Qxd4 Qb6 17. e5 d5 18. b3 Qxd4 19. Rxd4 e6 20. Ne4 Re7
21. Nc5 Rb8 22. a4 Kg7 23. Rf4 Rf8 24. Rf6 Bc8 25. Rd1 Bd7 26. Kg1 Rb8 27. Rd4
Bc8 28. Kf2 Re8 29. Ke3 Re7 30. h4 Re8 31. g4 Re7 32. h5 Re8 33. g5 Re7 34.
hxg6 hxg6 35. Rh4 Bd7 36. Rff4 Bc8 37. Rh6 Re8 38. Rfh4 Rg8 39. Rh7+ Kf8 40.
Kd2 Ke7 41. Rh8 Kf8 42. Kc3 Kg7 43. R8h7+ Kf8 44. Rb4 Rb6 45. Rbh4 Rb8 46. Rh8
Kg7 47. Rxg8+ Kxg8 48. Rb4 Ra8 49. a5 Kf8 50. Nb7 Bxb7 51. Rxb7 c5 52. a6 Rc8
53. Rxa7 Rc6 54. Kb2 d4 55. Kc1 Kg7 56. Kd2 c4 57. bxc4 Rxc4 58. Rb7 Ra4 59. a7
Ra3 60. Rc7 1-0

[Event "BL 8485 Zähringen-Lasker"]
[Site "?"]
[Date "1984.??.??"]
[Round "?.5"]
[White "Zbikowski, W."]
[Black "Bassler, M."]
[Result "0-1"]
[WhiteElo "2280"]
[BlackElo "2290"]
[PlyCount "108"]
[EventDate "1984.??.??"]

1. e4 g6 2. d4 Bg7 3. Nc3 d6 4. Bc4 Nd7 5. Nf3 e6 6. O-O Ne7 7. Be3 O-O 8. Qd2
d5 9. Bb3 c6 10. a4 f5 11. exf5 Nxf5 12. Bg5 Qe8 13. Rfe1 h6 14. Bf4 g5 15. Bg3
g4 16. Ne5 Nxg3 17. Nxd7 Bxd7 18. hxg3 Qh5 19. Re2 Rae8 20. Rae1 Rf5 21. Nd1
Ref8 22. c3 Bf6 23. Bc2 Rg5 24. b3 Qf7 25. Nb2 c5 26. dxc5 e5 27. b4 e4 28. Bb3
Be6 29. Nd1 h5 30. Ne3 Kg7 31. Rd1 d4 32. Bxe6 dxe3 33. Qd7 exf2+ 34. Rxf2 Qxd7
35. Rxd7+ Kg6 36. Bd5 Re5 37. Bxb7 e3 38. Re2 h4 39. c6 Bd8 40. c7 Bxc7 41.
Rxc7 hxg3 42. Rc4 Kg5 43. Rc5 Rxc5 44. bxc5 Rd8 45. Kf1 Kf4 46. c6 Rh8 47. Kg1
Rd8 48. Kf1 Rh8 49. Kg1 Rd8 50. Re1 e2 51. Rf1+ Ke3 52. Ba6 exf1=Q+ 53. Bxf1
Rc8 54. Bb5 a6 0-1

[Event "BL 8485 Zähringen-Lasker"]
[Site "?"]
[Date "1984.??.??"]
[Round "?.7"]
[White "Bilek Gonstalla, M."]
[Black "Kiefer, G."]
[Result "0-1"]
[WhiteElo "2335"]
[BlackElo "2220"]
[PlyCount "102"]
[EventDate "1984.??.??"]

1. d4 Nf6 2. Nf3 b6 3. Bg5 Bb7 4. Nbd2 e6 5. e3 Be7 6. Bd3 d5 7. Ne5 O-O 8. Qf3
Nbd7 9. Qh3 Ne4 10. Bxe7 Qxe7 11. f3 Ng5 12. Qg3 f6 13. h4 Nxe5 14. dxe5 Nf7
15. exf6 Qxf6 16. Qxc7 Rab8 17. Qc3 e5 18. O-O-O Rfc8 19. Qb3 b5 20. h5 a5 21.
h6 g6 22. Kb1 Bc6 23. a3 Qe7 24. e4 d4 25. Bf1 b4 26. a4 Qd7 27. Bc4 Rf8 28.
Bb5 Bxb5 29. axb5 Qxb5 30. Qe6 Rb6 31. Qc4 Qd7 32. f4 Rc8 33. Qd5 Qc7 34. fxe5
Qxc2+ 35. Ka1 Qa4+ 36. Qa2 Qxa2+ 37. Kxa2 Nxe5 38. Nf3 b3+ 39. Kb1 Nxf3 40.
gxf3 Rb4 41. Rd3 Kf7 42. Rhd1 Rd8 43. Rc1 Rd7 44. Rc5 a4 45. Ra5 Rc4 46. f4
Rdc7 47. Rd1 d3 48. Rd5 Rxe4 49. R5xd3 Rxf4 50. Rd4 Rxd4 51. Rxd4 g5 0-1

[Event "BL 8485 Zähringen-Lasker"]
[Site "?"]
[Date "1984.??.??"]
[Round "?.8"]
[White "Vogel, R."]
[Black "Jacoby, G."]
[Result "0-1"]
[WhiteElo "2245"]
[BlackElo "2245"]
[PlyCount "106"]
[EventDate "1984.??.??"]

1. d4 d5 2. c4 dxc4 3. Nf3 Nf6 4. e3 e6 5. Bxc4 a6 6. O-O c5 7. Qe2 b5 8. Bb3
Bb7 9. Rd1 Nbd7 10. Nc3 Qb8 11. d5 exd5 12. Nxd5 Bxd5 13. Bxd5 Nxd5 14. Rxd5
Be7 15. e4 Qb7 16. Bg5 Nb6 17. Bxe7 Nxd5 18. Bxc5 Nf4 19. Qe3 Ne6 20. Bd6 f6
21. Qb3 Kf7 22. e5 Rhe8 23. exf6 gxf6 24. Qd3 Kg8 25. Qf5 Qf7 26. h3 Ng7 27.
Qf4 Rac8 28. Nh2 Rc4 29. Ng4 Kh8 30. Qf3 Rce4 31. Nxf6 Re1+ 32. Rxe1 Rxe1+ 33.
Kh2 Ne8 34. Bb4 Re6 35. Nxe8 Qxf3 36. gxf3 Rxe8 37. Bc3+ Kg8 38. Kg3 Kf7 39. f4
Ke6 40. Kf3 Kf5 41. a3 Rd8 42. Ke3 Rd6 43. Bg7 Rg6 44. Bf8 Rg1 45. Kf3 Rd1 46.
Bh6 Rd2 47. Bg7 Rd3+ 48. Kg2 Kxf4 49. Bh6+ Ke4 50. Bg7 Rd6 51. Bc3 Rg6+ 52. Kh2
Kf3 53. Bd4 Rd6 0-1

[Event "BL 8485 Bayern-Delmenhorst"]
[Site "?"]
[Date "1984.??.??"]
[Round "?.1"]
[White "Meyer, H."]
[Black "Pfleger, He"]
[Result "0-1"]
[WhiteElo "2245"]
[BlackElo "2490"]
[PlyCount "60"]
[EventDate "1984.??.??"]

1. d4 Nf6 2. c4 e6 3. Nc3 d5 4. Bg5 Be7 5. e3 O-O 6. Nf3 h6 7. Bxf6 Bxf6 8. Qc2
b6 9. O-O-O Nc6 10. h4 g6 11. a3 Bg7 12. Bd3 Bb7 13. h5 g5 14. Qe2 dxc4 15.
Bxc4 Qe7 16. Ba2 Rfd8 17. Qc2 Nb8 18. Rd2 Nd7 19. Rhd1 Nf6 20. Ne5 c5 21. f4
gxf4 22. exf4 cxd4 23. Rxd4 Rxd4 24. Rxd4 Rd8 25. Rxd8+ Qxd8 26. g4 Qd4 27. Qd2
Qg1+ 28. Nd1 Bd5 29. Bxd5 Nxd5 30. Nd3 Qxg4 0-1

[Event "BL 8485 Bayern-Delmenhorst"]
[Site "?"]
[Date "1984.??.??"]
[Round "?.2"]
[White "Kindermann, S."]
[Black "Hermann, Man"]
[Result "1/2-1/2"]
[WhiteElo "2490"]
[BlackElo "2345"]
[PlyCount "53"]
[EventDate "1984.??.??"]

1. e4 c6 2. d4 d5 3. exd5 cxd5 4. c4 Nf6 5. Nc3 Nc6 6. Bg5 Qa5 7. Bd2 Qd8 8.
Nf3 Bg4 9. cxd5 Nxd5 10. Qb3 Bxf3 11. gxf3 Nb6 12. Be3 e6 13. O-O-O Be7 14. d5
exd5 15. Bxb6 Qxb6 16. Qxb6 axb6 17. Nxd5 Rxa2 18. Kb1 Ra5 19. Bb5 Kf8 20. Nxe7
Kxe7 21. Rhe1+ Kf6 22. Rd6+ Kf5 23. Bxc6 bxc6 24. Re7 Rf8 25. Rxc6 Rb5 26. Rcc7
Kg6 27. Rb7 1/2-1/2

[Event "BL 8485 Bayern-Delmenhorst"]
[Site "?"]
[Date "1984.??.??"]
[Round "?.4"]
[White "Bischoff, K."]
[Black "Juhnke, K."]
[Result "1-0"]
[WhiteElo "2375"]
[BlackElo "2325"]
[PlyCount "91"]
[EventDate "1984.??.??"]

1. b3 e5 2. Bb2 d6 3. e3 Nf6 4. c4 g6 5. Nf3 Bg7 6. d4 exd4 7. Nxd4 O-O 8. Nc3
d5 9. cxd5 Nxd5 10. Nxd5 Qxd5 11. Qc2 c6 12. Rd1 Na6 13. a3 Qe5 14. Bc3 Bf5 15.
Qb2 Rfd8 16. Bxa6 bxa6 17. O-O Be4 18. f3 Bf5 19. e4 Bd7 20. b4 Qg5 21. Kh1 Be5
22. Nb3 Bxc3 23. Qxc3 Be6 24. Nc5 Rxd1 25. Rxd1 Rd8 26. Rxd8+ Qxd8 27. Kg1 Qd1+
28. Kf2 Bc8 29. Qd3 Qxd3 30. Nxd3 Kf8 31. Ke3 Ke7 32. Kd4 Kd6 33. Nc5 g5 34.
e5+ Kc7 35. Ne4 h6 36. Kc5 Bf5 37. Nd2 Be6 38. Nf1 Bf5 39. Ne3 Be6 40. g3 h5
41. h4 gxh4 42. gxh4 Kd7 43. Nc2 Bd5 44. Nd4 Kc7 45. f4 Ba2 46. Nxc6 1-0

[Event "BL 8485 Bayern-Delmenhorst"]
[Site "?"]
[Date "1984.??.??"]
[Round "?.5"]
[White "Schlemermeyer, W."]
[Black "Calvo Minguez, R."]
[Result "0-1"]
[WhiteElo "2220"]
[BlackElo "2410"]
[PlyCount "44"]
[EventDate "1984.??.??"]

1. e4 e6 2. d4 d5 3. Nd2 Nf6 4. e5 Ng8 5. c3 c5 6. Bd3 Nc6 7. Ne2 cxd4 8. cxd4
Bd7 9. a3 f5 10. exf6 Nxf6 11. O-O Bd6 12. Nf3 O-O 13. Bf4 Bxf4 14. Nxf4 Ne4
15. g3 Qf6 16. Bxe4 dxe4 17. Ne5 Rad8 18. Nh5 Qh6 19. Re1 Be8 20. Nxc6 Bxh5 21.
g4 bxc6 22. gxh5 Qg5+ 0-1

[Event "BL 8485 Bayern-Delmenhorst"]
[Site "?"]
[Date "1984.??.??"]
[Round "?.6"]
[White "Klundt, K."]
[Black "Tielemann, K."]
[Result "0-1"]
[WhiteElo "2340"]
[BlackElo "2285"]
[PlyCount "50"]
[EventDate "1984.??.??"]

1. e4 c5 2. Nf3 Nc6 3. d4 cxd4 4. Nxd4 g6 5. Nc3 Bg7 6. Be3 Nf6 7. Bc4 O-O 8.
Bb3 a5 9. f3 d5 10. Bxd5 Nxd5 11. Nxd5 f5 12. c3 fxe4 13. Nxc6 bxc6 14. Nb6 Rb8
15. Qxd8 Rxd8 16. Nxc8 Rdxc8 17. O-O-O exf3 18. gxf3 Rb5 19. Rd7 Rcb8 20. Rd2
Bxc3 21. Rc2 Rxb2 22. Rxb2 Rxb2 23. Rd1 Rxa2 24. Rd7 Kf7 25. Bg5 Bf6 0-1

[Event "BL 8485 Bayern-Delmenhorst"]
[Site "?"]
[Date "1984.??.??"]
[Round "?.7"]
[White "Dornieden, M."]
[Black "Hickl, J."]
[Result "0-1"]
[WhiteElo "2290"]
[BlackElo "2275"]
[PlyCount "70"]
[EventDate "1984.??.??"]

1. Nf3 g6 2. d4 Bg7 3. g3 Nf6 4. Bg2 O-O 5. O-O d6 6. c4 Nbd7 7. Nc3 e5 8. Qc2
exd4 9. Nxd4 Nb6 10. Na4 Nxa4 11. Qxa4 Re8 12. e3 a6 13. Bd2 c5 14. Ne2 Rb8 15.
Rad1 Bg4 16. f3 b5 17. cxb5 Bd7 18. Nc3 axb5 19. Qf4 Rb6 20. e4 b4 21. Nd5 Nxd5
22. exd5 Bxb2 23. Rfe1 Rf8 24. Qe4 Bg7 25. a3 Bf5 26. Qc4 Qb8 27. axb4 cxb4 28.
Be3 b3 29. Bxb6 Qxb6+ 30. Kh1 b2 31. Rb1 Qb8 32. f4 Rc8 33. Qa2 Qb4 34. Qa6
Qxe1+ 35. Rxe1 Rc1 0-1

[Event "BL 8485 Bayern-Delmenhorst"]
[Site "?"]
[Date "1984.??.??"]
[Round "?.8"]
[White "Schubert, C."]
[Black "Ditt, E."]
[Result "1-0"]
[WhiteElo "2260"]
[BlackElo "2300"]
[PlyCount "43"]
[EventDate "1984.??.??"]

1. e4 g6 2. d4 Bg7 3. Nc3 d6 4. Bc4 c6 5. Qe2 Nf6 6. e5 Nd5 7. Bd2 O-O 8. h4
Be6 9. h5 Nxc3 10. Bxc3 Bxc4 11. Qxc4 dxe5 12. hxg6 exd4 13. O-O-O c5 14. gxf7+
Rxf7 15. Nf3 h6 16. Bd2 Qd6 17. Rde1 e5 18. Nxe5 Bxe5 19. Rxh6 Qc7 20. Rg6+ Kf8
21. Qe6 Qd7 22. Qxe5 1-0

[Event "BL 8485 München 36-HSK"]
[Site "?"]
[Date "1984.??.??"]
[Round "?.3"]
[White "Behrhorst, F."]
[Black "Mueller, Hei"]
[Result "1/2-1/2"]
[WhiteElo "2285"]
[BlackElo "2270"]
[PlyCount "81"]
[EventDate "1984.??.??"]

1. d4 g6 2. c4 f5 3. Nf3 Nf6 4. g3 Bg7 5. Bg2 O-O 6. O-O d6 7. Nc3 c6 8. d5 e5
9. dxe6 Bxe6 10. b3 h6 11. Nd4 Bf7 12. Bb2 Na6 13. Rc1 Nc5 14. Qc2 a5 15. Rfd1
Qe7 16. a3 Nfe4 17. Nxe4 Nxe4 18. e3 Rfe8 19. Ne2 Bxb2 20. Qxb2 g5 21. Nc3 Nc5
22. b4 axb4 23. axb4 Ne4 24. Nxe4 fxe4 25. Qd4 d5 26. cxd5 Bxd5 27. Ra1 Rf8 28.
Rxa8 Rxa8 29. b5 Ra2 30. bxc6 bxc6 31. Bf1 Qf8 32. Rd2 Rxd2 33. Qxd2 Qf6 34.
Qd4 Kf7 35. Ba6 Kg6 36. Kf1 Qe6 37. Kg1 Kh7 38. Qa7+ Qf7 39. Qd4 Kg6 40. Kf1
Qe6 41. Kg1 1/2-1/2

[Event "BL 8485 München 36-HSK"]
[Site "?"]
[Date "1984.??.??"]
[Round "?.4"]
[White "Zysk, R."]
[Black "Gruenberg, Ra"]
[Result "0-1"]
[WhiteElo "2325"]
[BlackElo "2255"]
[PlyCount "110"]
[EventDate "1984.??.??"]

1. Nf3 c5 2. c4 Nf6 3. Nc3 d5 4. cxd5 Nxd5 5. g3 Nc6 6. Bg2 Nc7 7. O-O e5 8. b3
Bg4 9. Bb2 Qd7 10. Rc1 f6 11. Ne4 b6 12. d3 Be7 13. a3 Rc8 14. Qc2 O-O 15. b4
Nd4 16. Nxd4 cxd4 17. Rfe1 Nd5 18. Qb3 Be6 19. Qd1 Rxc1 20. Qxc1 Rc8 21. Qb1 a5
22. bxa5 bxa5 23. Rc1 f5 24. Rxc8+ Qxc8 25. Nd2 Nc3 26. Bxc3 dxc3 27. Nc4 Bxc4
28. dxc4 Qxc4 29. Qb7 Qc5 30. Bd5+ Kh8 31. Bb3 g6 32. a4 Kg7 33. Qd7 Qd6 34.
Qxd6 Bxd6 35. e3 e4 36. Kf1 Kf6 37. Ke2 Ba3 38. h4 h6 39. Kd1 g5 40. hxg5+ hxg5
41. Kc2 Ke5 42. Bg8 Bb4 43. Bh7 f4 44. gxf4+ gxf4 45. Bg6 f3 46. Bh7 Bc5 47.
Kxc3 Bxe3 48. Bg8 Bxf2 49. Bc4 Be1+ 50. Kc2 Kd4 51. Bf1 e3 52. Kd1 Bb4 53. Bb5
e2+ 54. Bxe2 fxe2+ 55. Kxe2 Kc4 0-1

[Event "BL 8485 München 36-HSK"]
[Site "?"]
[Date "1984.??.??"]
[Round "?.6"]
[White "Krause, C."]
[Black "Wegner, H."]
[Result "0-1"]
[WhiteElo "2240"]
[BlackElo "2245"]
[PlyCount "64"]
[EventDate "1984.??.??"]

1. c4 Nf6 2. Nc3 c5 3. g3 d5 4. cxd5 Nxd5 5. Bg2 Nc7 6. Nf3 Nc6 7. d3 e5 8. O-O
Be7 9. Be3 O-O 10. Qd2 f6 11. Ne1 Bd7 12. f4 exf4 13. Bxf4 Ne6 14. Be3 Rc8 15.
Rc1 b6 16. Nc2 Ned4 17. Nd5 Nxc2 18. Rxc2 Be6 19. Nxe7+ Qxe7 20. b3 Nb4 21. Rb2
Bd5 22. Bxd5+ Nxd5 23. Rf3 Rfe8 24. Bf2 Qe6 25. e4 Ne7 26. Kg2 Nc6 27. a3 Rcd8
28. b4 cxb4 29. axb4 Ne5 30. Qc2 Nxf3 31. Kxf3 f5 32. Qb3 Rxd3+ 0-1